| 000 | 00937nam a2200229Ia 4500 | ||
|---|---|---|---|
| 001 | L226-5358 | ||
| 003 | IT-CnALBA | ||
| 008 | 170116s9999||||xx |||||||||||||| ||und|| | ||
| 040 |
_aIT-CnALBA _cIT-CnALBA |
||
| 041 | _aITALIANO | ||
| 100 | _aAA. VV. | ||
| 245 | 0 | _aIL VANGELO. | |
| 250 | _a1a ed. | ||
| 260 |
_aCREMONA _bPIZZORNI. GRAFICA EDITORIALE _c1926 [1° Ed.:1926 - Ed.Ling.Originale: 1926] |
||
| 300 | _a348 p. | ||
| 500 | _aA CURA DELLA COMPAGNIA DI S. PAOLO. ILLUSTRAZIONI NEL TESTO. PICCOLO CATECHISMO E PREGHIERE DEL CRISTIANO. MATTEO MARCO LUCA GIOVANNI. | ||
| 501 | _aSocietà San Paolo EM - Piazza San Paolo, 14 - 12051 ALBA (CN) (non commercial uses only) ® Copyright 2017 | ||
| 520 | _aA CURA DELLA COMPAGNIA DI S. PAOLO. ILLUSTRAZIONI NEL TESTO. PICCOLO CATECHISMO E PREGHIERE DEL CRISTIANO. MATTEO MARCO LUCA GIOVANNI. | ||
| 650 | _aVANGELI E ATTI DEGLI APOSTOLI | ||
| 942 | _cBK | ||
| 957 | _71 | ||
| 999 |
_a6337 _bSI _g Copie: 1 _c264544 _d264544 |
||